000 00857cam a22002054a 4500
005 20250605164327.0
008 250528s ||||||||||||||||||||||||d
035 _a23102
020 _a1422102793
040 _aGR-AtMCL
_bgre
_dGR-AtMCL
_eAACR2
245 1 _aHarvard Business Review on Supply Chain Management
260 _bHarvard Business School Publishing Corporation,
_c2006
300 _a214
520 _aWe're in This Together, Building Deep Supplier Relationships, Rapid Fire Fulfillment, Supply Chain Challenges: Building Relationships, The Triple Supply Chain, Decoding the DNA of the Toyota Production System, Learning to Lead at Toyota, Aligning Incentives in Supply Chains, About the Contributors, Index.
700 1 _aKnemeyer Michael A
_98657
700 1 _aLambert Douglas M
_91447
942 _cBK
999 _c8132
_d8132